Länder mit Schigebieten - Statistiken

Allgemein
  • Dieses Quiz wurde 380 mal gespielt
  • Das Durchschnittsergebnis liegt bei 32 aus 41
Antwortstatistiken
Number of Resorts Country % Korrekt
254 Österreich
99%
186 Schweiz
99%
498 Deutschland
97%
354 Russland
97%
481 Vereinigte Staaten
97%
280 Kanada
96%
325 Frankreich
95%
742 China
94%
76 Finnland
94%
213 Norwegen
94%
228 Schweden
94%
349 Italien
93%
547 Japan
88%
44 Slowenien
87%
182 Polen
86%
191 Tschechien
86%
107 Slowakei
85%
32 Spanien
83%
13 Kroatien
78%
45 Rumänien
76%
54 Ukraine
76%
32 Bulgarien
75%
31 Serbien
75%
18 Südkorea
72%
22 Argentinien
71%
21 Chile
71%
60 Türkei
71%
15 Indien
70%
15 Ungarn
69%
12 Australien
68%
19 Kasachstan
67%
23 Neuseeland
67%
18 Bosnien und Herzegowina
64%
13 Island
64%
26 Lettland
63%
22 Griechenland
62%
11 Litauen
61%
10 Vereinigtes Königreich
59%
10 Albanien
53%
22 Iran
45%
19 Kirgisistan
35%
Keine übereinstimmenden Quizze gefunden
Verteilung der Resultate
Anzahl Personen mit jedem Resultat
Perzentil nach korrekt beantworteten Fragen
Ihre Resultats-Entwicklung
Sie haben dieses Quiz noch nicht gespielt